| 000 -LEADER | |
|---|---|
| fixed length control field | 00480nam a22001817a 4500 |
| 005 - DATE AND TIME OF LATEST TRANSACTION | |
| control field | 20250918114346.0 |
| 008 - FIXED-LENGTH DATA ELEMENTS--GENERAL INFORMATION | |
| fixed length control field | 200518b xxu||||| |||| 00| 0 eng d |
| 020 ## - INTERNATIONAL STANDARD BOOK NUMBER | |
| ISBN | 9798189747243 |
| 041 ## - LANGUAGE CODE | |
| Language code of text/sound track or separate title | eng |
| 082 ## - DEWEY DECIMAL CLASSIFICATION NUMBER | |
| Classification number | 610 NAN |
| 100 ## - MAIN ENTRY--AUTHOR NAME | |
| Personal name | Nand Dr, Pratibha |
| 245 ## - TITLE STATEMENT | |
| Title | A Textbook of Hospital and Clinical Pharmacy Theory and Practical |
| 250 ## - EDITION STATEMENT | |
| Edition statement | 15'th |
| 260 ## - PUBLICATION, DISTRIBUTION, ETC. (IMPRINT) | |
| Place of publication | Delhi |
| Name of publisher | Birla Publication |
| Year of publication | 2020 |
| 300 ## - PHYSICAL DESCRIPTION | |
| Number of Pages | 258 viii |
| 650 ## - SUBJECT ADDED ENTRY--TOPICAL TERM | |
| Topical Term | Pharmacy |
| General subdivision | D.PHARMA |
| 942 ## - ADDED ENTRY ELEMENTS (KOHA) | |
| Koha item type | Books |
| Lost status | Damaged status | Collection code | Home library | Current library | Shelving location | Date acquired | Source of acquisition | Cost, normal purchase price | Full call number | Accession Number | Koha item type |
|---|---|---|---|---|---|---|---|---|---|---|---|
| PHARMACY | JRU Library | JRU Library | SHELF - 19 - H | 18/05/2020 | PURCHASE | 350.00 | 610 NAN | 23978 | Books | ||
| PHARMACY | JRU Library | JRU Library | SHELF - 19 - H | 25/02/2022 | PURCHASE | 250.00 | 610 NAN | 26678 | Books | ||
| PHARMACY | JRU Library | JRU Library | SHELF - 19 - H | 25/02/2022 | PURCHASE | 250.00 | 610 NAN | 26679 | Books | ||
| PHARMACY | JRU Library | JRU Library | SHELF - 19 - H | 25/02/2022 | PURCHASE | 250.00 | 610 NAN | 26680 | Books | ||
| PHARMACY | JRU Library | JRU Library | SHELF - 19 - H | 20/01/2023 | LOHIA BOOK INTERNATIONAL | 250.00 | 610 NAN | 27382 | Books | ||
| PHARMACY | JRU Library | JRU Library | SHELF - 19 - H | 20/01/2023 | LOHIA BOOK INTERNATIONAL | 250.00 | 610 NAN | 27383 | Books | ||
| PHARMACY | JRU Library | JRU Library | SHELF - 19 - H | 20/01/2023 | LOHIA BOOK INTERNATIONAL | 250.00 | 610 NAN | 27384 | Books | ||
| PHARMACY | JRU Library | JRU Library | SHELF-19-G | 20/01/2023 | LOHIA BOOK INTERNATIONAL | 250.00 | 610 NAN | 27385 | Books | ||
| PHARMACY | JRU Library | JRU Library | SHELF - 19 - H | 20/01/2023 | LOHIA BOOK INTERNATIONAL | 250.00 | 610 NAN | 27386 | Books | ||
| PHARMACY | JRU Library | JRU Library | SHELF - 19 - H | 20/01/2023 | LOHIA BOOK INTERNATIONAL | 250.00 | 610 NAN | 27387 | Books | ||
| PHARMACY | JRU Library | JRU Library | SHELF - 19 - H | 20/01/2023 | LOHIA BOOK INTERNATIONAL | 250.00 | 610 NAN | 27388 | Books |